00320nam a2200109Ia 4500008004100000100002200041245001600063260000900079300003300088440002400121650006500145180117s9999 xx 000 0 und d aby Ana Valenzuela aGoing Indie c2017 a14-16 pages, 2017 January 22 aPhilippine Panorama aWHY AND HOW I MANAGED TO PUBLISH A BOOK IN LESS THAN A MONTH